书目信息 |
| 题名: |
抄本、印本与小集、大集
|
|
| 作者: | 查屏球 主编 | |
| 分册: | ||
| 出版信息: | 上海 复旦大学出版社 2021.1 |
|
| 页数: | 384页 | |
| 开本: | 21cm | |
| 丛书名: | ||
| 单 册: | ||
| 中图分类: | G256.1 , I209 | |
| 科图分类: | ||
| 主题词: | 图书史--中国--古代--文集 , 中国文学--文学史研究--文集 | |
| 电子资源: | ||
| ISBN: | 978-7-309-14945-6 | |
| 000 | 01344nam0 2200289 45 | |
| 001 | 012001004002 | |
| 005 | 20140926093404.0 | |
| 010 | @a978-7-309-14945-6@dCNY68.00 | |
| 100 | @a20210120d2021 em y0chiy0110 ea | |
| 101 | 0 | @achi |
| 102 | @aCN@b310000 | |
| 105 | @ay z 000zy | |
| 106 | @ar | |
| 200 | 1 | @a抄本、印本与小集、大集@Achao ben、 yin ben yu xiao ji、 da ji@e抄印转换与文学演变工作坊论集@f查屏球主编 |
| 210 | @a上海@c复旦大学出版社@d2021.1 | |
| 215 | @a384页@d21cm | |
| 300 | @a中国唐代文学学会第十九届年会论文选之一 | |
| 300 | @a其他题名:抄印转换与文学演变工作坊论集 | |
| 330 | @a本书是“抄印转换与文学发展工作坊” 的论文结集,着重讨论我国古代书籍史上从抄写时代向印刷时代转变过程中文学文本产生与传布的特点,以敦煌文献、日本古抄本以及各类有关书籍抄写文献为研究对象,选择李白、杜甫、白居易、皮日休、李郢等人别集与《文选》等个案,具体说明抄写文集成书过程、制作方式、流传渠道等问题,比较文人文集由抄本到印本的变化,分析抄印转变对九至十一世纪文学发展的影响。本论文集的出版,将为书籍史与文学史关系研究提供一个新思路,可为中古文学开拓新的学术空间。 | |
| 517 | 1 | @a抄印转换与文学演变工作坊论集 |
| 606 | 0 | @a图书史@y中国@z古代@j文集 |
| 606 | 0 | @a中国文学@x文学史研究@j文集 |
| 690 | @aG256.1@v5 | |
| 690 | @aI209@v5 | |
| 701 | 0 | @a查屏球@Acha ping qiu@4主编 |
| 801 | @aCN@bAHXH@c20210922 | |
| 905 | @b1328909-13@dG256.1@e103@f5 | |
| 抄本、印本与小集、大集:抄印转换与文学演变工作坊论集/查屏球主编.-上海:复旦大学出版社,2021.1 |
| 384页;21cm |
| 中国唐代文学学会第十九届年会论文选之一.-其他题名:抄印转换与文学演变工作坊论集 |
| ISBN 978-7-309-14945-6:CNY68.00 |
| 本书是“抄印转换与文学发展工作坊” 的论文结集,着重讨论我国古代书籍史上从抄写时代向印刷时代转变过程中文学文本产生与传布的特点,以敦煌文献、日本古抄本以及各类有关书籍抄写文献为研究对象,选择李白、杜甫、白居易、皮日休、李郢等人别集与《文选》等个案,具体说明抄写文集成书过程、制作方式、流传渠道等问题,比较文人文集由抄本到印本的变化,分析抄印转变对九至十一世纪文学发展的影响。本论文集的出版,将为书籍史与文学史关系研究提供一个新思路,可为中古文学开拓新的学术空间。 |
| ● |
| 相关链接 |
|
|
|
|
正题名:抄本、印本与小集、大集
索取号:G256.1/103
 
预约/预借
| 序号 | 登录号 | 条形码 | 馆藏地/架位号 | 状态 | 备注 |
| 1 | 1328909 | 213289092 | 第一样本阅览室/ [索取号:G256.1/103] | 在馆 | |
| 2 | 1328910 | 213289109 | 教育系资料室/ [索取号:G256.1/103] | 在馆 | |
| 3 | 1328911 | 213289118 | 教育系资料室/ [索取号:G256.1/103] | 在馆 | |
| 4 | 1328912 | 213289127 | 第四借阅区/ [索取号:G256.1/103] | 在馆 | |
| 5 | 1328913 | 213289136 | 第四借阅区/ [索取号:G256.1/103] | 在馆 |